000 00214 a2200109 4500
020 _a9780375725609
041 _aeng
100 _aErik Larson
245 _aThe devil in the White City
942 _cBK
952 _71
999 _c18330
_d18330